Ciudades por museos - Estadísticas

Estadísticas generales
  • Esta prueba ha sido intentada 89 veces
  • La puntuación promedio es 12 de 18
Estadísticas de respuestas
Museos Ciudad % Correcto
Museo BritánicoNational Gallery Museo de Historia Natural Londres
100%
Museo Louis VuittonMuseo d’Orsay Centro Pompidou Paris
98%
Museo Gayer-AndersonMuseo Copto Gran Museo Egipcio El Cairo
94%
Museo de la AcrópolisMuseo Benaki Museo Arqueológico Nacional Atenas
93%
Castillo de ChapultepecAntiguo Colegio de San Idelfonso Museo Frida Kahlo Ciudad de México
86%
Museo de Rembrandt Rijksmuseum Casa de Ana Frank Ámsterdam
84%
Museo de Santa SofíaPalacio de Topkapi Museo Atatürk Estambul
79%
SkansenMuseo AꓭBA Museo Vasa Estocolmo
79%
Museo Metropolitano de Arte Museo Guggenheim Museo de Arte Moderno Nueva York
76%
Museo del PalacioTemplo de Confucio Museo del Antiguo Palacio de Verano Pekín
74%
Museo Estatal de HistoriaGalería Tretyakov
Museo Pushkin de Bellas Artes
Moscú
71%
Museo AlemánPinakothek der Moderne Alte Pinakothek Múnich
68%
Museo de Arte TigreMuseo Nacional de Bellas Artes Museo Evita Buenos Aires
66%
Museo NezuMuseo Ghibli Teien Art Museum Tokio
46%
Museo del Distrito SeisMuseo de Iziko Museo de Arte Contemporáneo de África Ciudad del Cabo
44%
Museo de la Memoria y los Derechos HumanosMuseo Nacional de Bellas Artes Museo de Arte Precolombino Santiago
40%
Museo de Arte Contemporáneo de NiteróiMuseo del Mañana Museo de Arte Moderno Río de Janeiro
15%
Museo de Arte de Terra KultureJaekel House Galería Ovuomaroro Lagos
9%
No se encontraron pruebas coincidentes
Distribución de puntuación
Porcentaje de gente con cada puntuación
Porcentaje por número respondido
Historial de tus puntuaciones
No has intentado esta prueba.